Les joueurs de l'OM sélectionnés au Mondial avec l'Equipe de France - Statistiques

Statistiques générales
  • Ce quiz a été pris 51 fois
  • Le résultat moyen est 8 sur 12
Statistiques - réponses
Hint Réponse % Correct
2018 Gardien Steve Mandanda
96%
2010 Gardien Steve Mandanda
96%
2018 Attaquant Florian Thauvin
92%
2018 Défenseur Adil Rami
83%
2006 Gardien Fabien Barthez
79%
2022 Milieu Mattéo Guendouzi
75%
1998 Défenseur Laurent Blanc
73%
2014 Milieu Mathieu Valbuena
52%
2010 Milieu Mathieu Valbuena
52%
1998 Attaquant Christophe Dugarry
48%
2006 Milieu Frank Ribéry
44%
2002 Défenseur Frank Leboeuf
35%
Aucun quiz correspondant
Distribution des résultats
% des personnes avec chaque résultat
Percentile par nombre de réponses
Votre historique - résultats
Vous n’avez pas pris ce quiz